000
00215 a2200097 4500
001
12233
100
_a
Deepak Chopra
245
_a
Kamyabi kay Saat Roohani Asool
260
_a
_b
Sang-e-Meel
_c
090
_c
9461
_d
9461
942
_a
NUST-CAE
_c
M
_c
36335
999
_c
247306
_d
247306